Music Quiz

Random Music or The Beatles Quiz
Score 0/22 Timer 05:00
0 Plays Today
% Correct
Strawberry
97.9%
Ticket
94.3%
Let
89.7%
Drive
89.2%
Across
89.1%
Love
88.5%
I
85.3%
Maxwell's
82%
Good
79.8%
Cry
75.6%
Mean
75.2%
% Correct
I'm
75%
I'm
73.6%
In
73.5%
Ask
72.8%
If
71.8%
All
71.5%
Fixing
71.1%
Carry
69.7%
Blue
67.8%
Baby's
61.3%
Dig
60.6%
Remove Ads.
Support Sporcle.
Get the best of Sporcle when you Go Orange. This ad-free experience offers more features, more stats, and more fun while also helping to support Sporcle. Thank you for becoming a member.

You're not logged in!

Compare scores with friends on all Sporcle quizzes.
OR
Log In

Show Comments

Extras

Top Quizzes Today


Score Distribution

Your Account Isn't Verified!

In order to create a playlist on Sporcle, you need to verify the email address you used during registration. Go to your Sporcle Settings to finish the process.

Report this User

Report this user for behavior that violates our Community Guidelines.

Details: